|
|
|
|
| LEADER |
00000naa2a2200000 4500 |
| 001 |
228586 |
| 005 |
20231031201613.0 |
| 035 |
|
|
|a (RuTPU)RU\TPU\book\249062
|
| 035 |
|
|
|a RU\TPU\book\201187
|
| 090 |
|
|
|a 228586
|
| 100 |
|
|
|a 20121219d2008 k y0rusy50 ca
|
| 101 |
0 |
|
|a rus
|
| 102 |
|
|
|a RU
|
| 200 |
1 |
|
|a Наукоёмкий бизнес: тенденции формирования организационных культур
|f С. В. Негруль, Н. А. Лосенкова
|
| 320 |
|
|
|a Библиогр.: 3 назв.
|
| 463 |
|
0 |
|0 (RuTPU)RU\TPU\book\194420
|t Актуальные проблемы гуманитарных наук
|o сборник научных трудов, апрель 2008 г., Томск
|f Томский политехнический университет (ТПУ)
|v С. 42-44
|d 2008
|p 562 с.
|
| 610 |
1 |
|
|a организационная культура
|
| 610 |
1 |
|
|a типология
|
| 610 |
1 |
|
|a труды учёных ТПУ
|
| 610 |
1 |
|
|a наукоемкие предприятия
|
| 610 |
1 |
|
|a наукоемкие производства
|
| 610 |
1 |
|
|a наукоемкий сектор
|
| 700 |
|
1 |
|a Негруль
|b С. В.
|c российский учёный-социолог
|c доцент Томского политехнического университета
|g Светлана Валерьевна
|2 stltpush
|3 (RuTPU)RU\TPU\pers\26987
|
| 701 |
|
1 |
|a Лосенкова
|b Н. А.
|c российский учёный в области социологии
|c старший преподаватель Томского политехнического университета
|g Наталия Александровна
|2 stltpush
|3 (RuTPU)RU\TPU\pers\28059
|
| 801 |
|
1 |
|a RU
|b 63413507
|c 20101011
|
| 801 |
|
2 |
|a RU
|b 63413507
|c 20121219
|g RCR
|
| 942 |
|
|
|c BK
|